| 000 | 00455nam a2200193 4500 | ||
|---|---|---|---|
| 003 | . | ||
| 005 | 20260106134527.0 | ||
| 008 | . | ||
| 020 | _a9781292457550 | ||
| 040 | _c. | ||
| 082 | _a620.00681 S949 2025 | ||
| 100 | _aSullivan, William G. | ||
| 245 |
_aENGINEERING ECONOMY: _b/ _cWilliam G. Sullivan |
||
| 250 | _a8 ed | ||
| 260 | _bHoboken; Pearson, 2025 | ||
| 300 |
_a743 p _c24 cm |
||
| 650 | _z Engineering economy | ||
| 942 |
_2ddc _cBK-EN _n0 |
||
| 999 |
_c7872 _d7872 |
||